Dune (Record no. 44941)

MARC details
000 -Etiqueta do registo
Valores 00461nam a2200169 4500
100 ## - Dados gerais de processamento
Dados gerais 20251014 pory50
101 ## - Língua de publicação
Língua por
-- ing
102 ## - País de publicação
País PT
200 ## - Titulo e menção de responsabilidade
Título próprio Dune
Informação de outro título Duna
Primeira menção de responsabilidade realiz. David Lynch
Outras menções de responsabilidade act.s Kyle MacLachlan , Sting , Max Con Sydow ; Patrick Stewart , Linda Hunt
210 ## - Publicação
Local de publicação [S.l.]
Nome do editor dist. Lusomundo
Data de publicação 2001
215 ## - Descrição física 
Paginação / Volumes 1 DVD
300 ## - Notas gerais 
Texto da nota 110 m.<br/>M/12
675 ## - CDU
Notação 82-311.9
801 ## - Fonte de origem
País PT
Regras de catalogação RPC
990 ## - Elementos KOHA
Tipo de documento Filme DVD
Holdings
Aquisição Empréstimo Código de barras Cota Permissão de empréstimo Tipo de documento Nota relativa ao exemplar
Biblioteca Escolar Doutor Hernâni Cidade Biblioteca Escolar Doutor Hernâni Cidade 81066 FIC. CIENT. LYN   Filme DVD 551 Filme de Ficção Cientifica sobre o «Planeta Dune»

Powered by Koha